| 000 | 01015nam a2200229 a 4500 | ||
|---|---|---|---|
| 001 | BRCA_2995 | ||
| 005 | 20190320204048.0 | ||
| 008 | 160109s2004-------a---###---#000-0#eng-# | ||
| 020 | _a3922912605 | ||
| 050 | 4 |
_aTR647 _b.N86 2004 |
|
| 100 | 1 |
_aNungesser, Michael _98282 |
|
| 245 | 1 | 0 |
_a1882 Hugo Brehme 1954 _bFotograf : Mexiko zwischen Revolution und Romantik = fotógrafo : México entre revolución y romanticismo _cMichael Nungesser, editor. |
| 260 |
_aBerlin _bWillmuth Arenhövel _c2004 |
||
| 300 |
_a208 p. _bil. (algunas a color) _c28 cm. |
||
| 500 | _aCatálogo de la exposición realizada en Martin-Gropius-Bau (Berlin), 7 mayo - 5 julio, 2004 y en Marstall des Thüringer Museums Eisenach (Wartburg), 10 julio - 28 agosto, 2004 | ||
| 504 | _aBibliografía : p. 202-207 | ||
| 546 | _aTexto en : alemán y español | ||
| 600 | 1 | 4 |
_aBrehme, Hugo _vExposiciones _98283 |
| 650 | 1 | 4 |
_aFotografía artística _vExposiciones _98284 |
| 651 | 4 |
_aMéxico _vExposiciones _xTrabajos Ilustrados _98285 |
|
| 942 |
_2lcc _cB |
||
| 999 |
_c2734 _d2734 |
||